<?xml version="1.0" encoding="UTF-8"?>
<record
    xmlns:xsi="http://www.w3.org/2001/XMLSchema-instance"
    xsi:schemaLocation="http://www.loc.gov/MARC21/slim http://www.loc.gov/standards/marcxml/schema/MARC21slim.xsd"
    xmlns="http://www.loc.gov/MARC21/slim">

  <leader>00547nam a22001457a 4500</leader>
  <controlfield tag="005">20151006112020.0</controlfield>
  <controlfield tag="008">151006b        xxu||||| |||| 00| 0 eng d</controlfield>
  <datafield tag="040" ind1=" " ind2=" ">
    <subfield code="c">PK-LaUMT</subfield>
  </datafield>
  <datafield tag="082" ind1=" " ind2=" ">
    <subfield code="a">KHC 297.8</subfield>
    <subfield code="b">MUN-S</subfield>
  </datafield>
  <datafield tag="100" ind1=" " ind2=" ">
    <subfield code="a">&#x645;&#x646;&#x6CC;&#x631; &#x627;&#x644;&#x62D;&#x642; &#x6A9;&#x639;&#x628;&#x6CC; &#x628;&#x6C1;&#x644;&#x67E;&#x648;&#x631;&#x6CC;</subfield>
  </datafield>
  <datafield tag="245" ind1=" " ind2=" ">
    <subfield code="a">&#x633;&#x644;&#x627;&#x645; &#x631;&#x636;&#x627; &#x62A;&#x636;&#x645;&#x6CC;&#x646; &#x648; &#x62A;&#x641;&#x6C1;&#x6CC;&#x645; &#x627;&#x648;&#x631; &#x62A;&#x62C;&#x632;&#x6CC;&#x6C1;</subfield>
    <subfield code="b">&#x627;&#x6CC;&#x6A9; &#x62A;&#x62D;&#x642;&#x6CC;&#x642;&#x60C; &#x62A;&#x646;&#x642;&#x6CC;&#x62F;&#x6CC;&#x60C; &#x644;&#x633;&#x627;&#x646;&#x6CC; &#x648; &#x639;&#x631;&#x648;&#x636;&#x6CC; &#x62C;&#x627;&#x626;&#x632;&#x6C1;</subfield>
    <subfield code="c">&#x645;&#x646;&#x6CC;&#x631; &#x627;&#x644;&#x62D;&#x642; &#x6A9;&#x639;&#x628;&#x6CC; &#x628;&#x6C1;&#x644;&#x67E;&#x648;&#x631;&#x6CC;</subfield>
  </datafield>
  <datafield tag="260" ind1=" " ind2=" ">
    <subfield code="a">&#x6AF;&#x62C;&#x631;&#x627;&#x62A;</subfield>
    <subfield code="b">&#x632;&#x62C;&#x627;&#x62C; &#x67E;&#x628;&#x644;&#x6CC;&#x6A9;&#x6CC;&#x634;&#x646;&#x632;</subfield>
    <subfield code="c">1995</subfield>
  </datafield>
  <datafield tag="300" ind1=" " ind2=" ">
    <subfield code="a">200 &#x635;</subfield>
  </datafield>
  <datafield tag="942" ind1=" " ind2=" ">
    <subfield code="c">BK</subfield>
  </datafield>
  <datafield tag="999" ind1=" " ind2=" ">
    <subfield code="c">77019</subfield>
    <subfield code="d">77019</subfield>
  </datafield>
  <datafield tag="952" ind1=" " ind2=" ">
    <subfield code="0">0</subfield>
    <subfield code="1">0</subfield>
    <subfield code="4">0</subfield>
    <subfield code="7">0</subfield>
    <subfield code="a">01</subfield>
    <subfield code="b">01</subfield>
    <subfield code="d">2015-10-06</subfield>
    <subfield code="l">0</subfield>
    <subfield code="o">KHC 297.8 MUN-S</subfield>
    <subfield code="p">71989</subfield>
    <subfield code="r">2015-10-06 00:00:00</subfield>
    <subfield code="w">2015-10-06</subfield>
    <subfield code="y">BK</subfield>
  </datafield>
</record>
